000 00319nam a22001457a 4500
008 210312b ||||| |||| 00| 0 eng d
020 _a9781903378632
041 _aeng
080 _a617
082 _a617
100 _a8
101 _aORT
245 _aMusculoskeletal Trauma Simplified
_cDiwan,A
942 _2udc
_cBK
999 _c56582
_d56582